| 000 | 00484aam a2200205 4500 | ||
|---|---|---|---|
| 005 | 20240808183826.0 | ||
| 008 | 150529b xxu||||| |||| 00| 0 spa d | ||
| 020 | _a0786891092 | ||
| 041 | _aING | ||
| 082 | _a813.54 K52sa | ||
| 100 |
_aKing, Cassandra _921046 |
||
| 245 | _aThe same sweet girls | ||
| 260 | _aEstados Unidos | ||
| 260 | _bHyperion | ||
| 260 | _c2005 | ||
| 300 | _a540 páginas | ||
| 650 | _aLITERATURA ESTADOUNIDENSE | ||
| 650 | _aNOVELA | ||
| 942 |
_cLIT _2ddc |
||
| 999 |
_c2437 _d2437 |
||